[Event "Mondiale Semilampo 2016"]
[Site "Doha QAT"]
[Date "2016.12.28"]
[Round "15.30"]
[White "Dreev, Aleksey"]
[Black "Moiseenko, Alexander"]
[Result "1-0"]
[WhiteTitle "GM"]
[BlackTitle "GM"]
[WhiteElo "2652"]
[BlackElo "2657"]
[WhiteFideId "4100107"]
[BlackFideId "14102560"]
[EventDate "2016.12.26"]

1. d4 Nf6 2. Nf3 e6 3. c4 Bb4+ 4. Nbd2 O-O 5. a3 Be7 6. e4 d5 7. cxd5 exd5 8. e5
Nfd7 9. Bd3 c5 10. h4 h6 11. Qe2 Nc6 12. b4 Nxd4 13. Nxd4 cxd4 14. Nf3 Re8 15.
Bb2 a5 16. O-O Nf8 17. Nxd4 axb4 18. axb4 Rxa1 19. Rxa1 Bxb4 20. Ra8 Qxh4 21. e6
fxe6 22. Nf5 exf5 23. Qxe8 Bc5 24. Qe2 Bd7 25. Qc2 Qe7 26. Kf1 f4 27. Qe2 Qh4
28. Kg1 Bg4 29. Qc2 b6 30. Bh7+ Kh8 31. Bg6 Qe7 32. Re8 Qd6 33. Be5 Qd7 34. Qd2
Kg8 35. Qxf4 Be6 36. Rb8 d4 37. Bd3 Qa7 38. Bd6 Bxd6 39. Qxd6 Qf7 40. Rxf8+ Qxf8
41. Qxe6+ Kh8 42. Qg6 Kg8 43. Qe6+ Kh8 44. Qxb6 Qc8 45. Qxd4 Qc7 46. Qe4 Qc1+
47. Kh2 Qc7+ 48. g3 1-0

[Event "Mondiale Semilampo 2016"]
[Site "Doha QAT"]
[Date "2016.12.28"]
[Round "15.31"]
[White "Leko, Peter"]
[Black "Jumabayev, Rinat"]
[Result "1/2-1/2"]
[WhiteTitle "GM"]
[BlackTitle "GM"]
[WhiteElo "2693"]
[BlackElo "2611"]
[WhiteFideId "703303"]
[BlackFideId "13702661"]
[EventDate "2016.12.26"]

1. e4 e5 2. Nf3 Nc6 3. Bb5 a6 4. Ba4 Nf6 5. O-O Be7 6. Re1 b5 7. Bb3 d6 8. c3
O-O 9. h3 Nb8 10. d4 Nbd7 11. Nbd2 Bb7 12. Bc2 Re8 13. Nf1 Bf8 14. Ng3 g6 15. b3
exd4 16. cxd4 c5 17. d5 Bg7 18. Rb1 Rc8 19. Bf4 Ne5 20. Nxe5 dxe5 21. Be3 Re7
22. a4 Ne8 23. axb5 axb5 24. b4 cxb4 25. Bd2 Rec7 26. Bd3 Nd6 27. Bxb4 Nc4 28.
Ne2 Ba6 29. Nc3 Rb8 30. Re2 Bf8 31. Ra2 Bxb4 32. Rxb4 Nd6 33. Qd2 Rb6 34. Ra3
Rc5 35. Qb2 Rc4 36. Bxc4 Nxc4 37. Qb3 Nxa3 38. Qxa3 Qd6 39. Qb2 h5 40. Na2 Rb7
41. Rb3 Rc7 42. Nb4 Rc4 43. Nxa6 Qxa6 44. Qxe5 b4 45. d6 Qc6 46. d7 Qxd7 47.
Qb8+ Kh7 48. Rxb4 Rc8 49. Qf4 Qe7 50. Rb1 Rc4 51. Re1 Qc7 52. Qf6 Rc6 53. Qa1
Rc2 54. Qd1 Qc5 55. Qf3 Kg7 56. g3 Qc3 57. Re3 Qc4 58. Kg2 Rc1 59. Re2 Rc3 60.
Re3 Rc1 61. Qe2 Qxe2 62. Rxe2 Rc3 63. Rd2 Rc4 64. Kf3 Rc3+ 65. Kg2 Rc4 66. Re2
Rc3 67. h4 Ra3 68. Rd2 Rb3 69. Rd4 Kf6 70. Rd5 Ra3 71. Kf1 Ra4 72. f3 Ra2 73.
Rd1 Ke6 74. Re1 Rb2 75. Re2 Rb3 76. Kf2 Ra3 77. Rb2 Rc3 78. Ke2 Ra3 79. Rd2 Rb3
80. Rd3 Rb2+ 81. Ke3 Ke5 82. Rd5+ Kf6 83. Kf4 Rb3 84. Rd6+ Ke7 85. Ra6 Rc3 86.
Ra4 Rb3 87. Ra1 Kf6 88. Re1 Ra3 89. Re3 Ra4 90. Rb3 Ra6 91. Rd3 Ra5 92. Rd6+ Ke7
93. Rd3 Kf6 94. Re3 Ke6 95. Rc3 Kf6 96. Rb3 Ke6 97. Rb6+ Ke7 98. e5 Kf8 99. Rb7
Kg8 100. Rd7 Rb5 101. Rd4 Kg7 102. g4 hxg4 103. fxg4 Ra5 104. Rd7 Ra4+ 105. Kg5
Ra5 106. Re7 Rb5 107. Kf4 Rb4+ 108. Kg5 Rb5 109. Kf4 Rb4+ 110. Kg5 1/2-1/2

[Event "Mondiale Semilampo 2016"]
[Site "Doha QAT"]
[Date "2016.12.28"]
[Round "15.32"]
[White "Lalith, Babu M R"]
[Black "Mamedov, Rauf"]
[Result "0-1"]
[WhiteTitle "GM"]
[BlackTitle "GM"]
[WhiteElo "2587"]
[BlackElo "2688"]
[WhiteFideId "5024595"]
[BlackFideId "13401653"]
[EventDate "2016.12.26"]

1. Nf3 Nf6 2. c4 g6 3. Nc3 Bg7 4. d4 O-O 5. e4 d6 6. Be2 e5 7. O-O c6 8. Be3
exd4 9. Nxd4 Re8 10. f3 d5 11. cxd5 Nxd5 12. Nxd5 cxd5 13. Qb3 a5 14. Rad1 a4
15. Qc2 Bd7 16. Nb5 Nc6 17. Nd6 Re7 18. Nxb7 Qc7 19. Nc5 d4 20. Bf2 Be8 21. Nd3
Qb6 22. Rc1 Nb4 23. Nxb4 Qxb4 24. Rfd1 Rb7 25. Bc4 Rd8 26. Bd5 Rbb8 27. b3 axb3
28. axb3 Bb5 29. Qc7 Qf8 30. Qa7 d3 31. Rc7 Rxd5 32. exd5 Be5 33. Rb7 Rxb7 34.
Qxb7 Qb4 35. Rxd3 Qf4 36. Qc8+ Kg7 37. g3 Qf6 38. Bc5 h5 39. Re3 Bd6 40. Bd4
Qxd4 41. Qc3 Be5 42. Qe1 Bf6 43. Kg2 Qxd5 44. h4 Qd4 45. Qf2 Qd1 46. Qe1 Qc2+
47. Kh1 Bc6 48. Qf1 Bd4 0-1

[Event "Mondiale Semilampo 2016"]
[Site "Doha QAT"]
[Date "2016.12.28"]
[Round "15.33"]
[White "Khusnutdinov, Rustam"]
[Black "Artemiev, Vladislav"]
[Result "0-1"]
[WhiteTitle "GM"]
[BlackTitle "GM"]
[WhiteElo "2458"]
[BlackElo "2653"]
[WhiteFideId "13701703"]
[BlackFideId "24101605"]
[EventDate "2016.12.26"]

1. e4 c5 2. Nf3 e6 3. d4 cxd4 4. Nxd4 a6 5. Nc3 d6 6. Bd3 Nf6 7. Qe2 Qb6 8. Nb3
Nc6 9. f4 Qc7 10. g4 b5 11. g5 Nd7 12. Be3 Nc5 13. Qf2 Nb4 14. Nxc5 dxc5 15. Bf1
Bb7 16. O-O-O Nc6 17. f5 Nd4 18. fxe6 fxe6 19. Bh3 Bd6 20. Bxd4 cxd4 21. Qxd4
Rd8 22. Kb1 b4 23. Ne2 e5 24. Qe3 O-O 25. Be6+ Kh8 26. g6 Rf6 27. Bf7 Bc8 28.
Qg3 Be7 29. Rxd8+ Qxd8 30. Qxe5 hxg6 31. Bd5 Bg4 32. Nc1 Bf3 33. Rf1 Bh5 34.
Rxf6 gxf6 35. Qe6 Bd6 36. h3 Kg7 37. Nd3 Qe7 38. Qg8+ Kh6 39. h4 Qf8 40. Qe6 Qe7
41. Qc8 Qf8 42. Qxa6 Be2 43. Qb6 Bxd3 44. cxd3 Bc5 45. Qc7 Be3 46. Kc2 Kh5 47.
Qg3 Qc5+ 48. Kb3 Qd4 49. Bc4 Bc1 50. Qf3+ Kh6 51. Qe2 Bf4 52. Qe1 Kh5 53. Kc2
Be5 54. Qxb4 Kxh4 55. Qc3 Qf2+ 56. Qd2 Qd4 57. Qe1+ Kh5 58. Qh1+ Kg5 59. Qg2+
Kh6 60. Kb1 g5 61. Qh3+ Kg7 62. Qg2 Kf8 63. Qe2 g4 64. Be6 Qg1+ 65. Kc2 g3 66.
Bh3 Qd4 67. Kb1 Ke7 68. a3 Qg1+ 69. Ka2 Qd4 70. Qc2 Kf8 71. b4 Kg7 72. Kb3 Kh6
73. Qd2+ Kg7 74. Qc2 Kh6 75. Qd2+ Kg7 76. a4 Kg6 77. a5 Qa1 78. Kc4 Qd4+ 79. Kb3
Qa1 80. Qe2 Qc3+ 81. Ka4 Qc6+ 82. b5 Qc3 83. b6 Qc6+ 84. Ka3 Qc5+ 85. Ka4 Qc6+
86. Ka3 Bd6+ 87. Kb2 Qb5+ 88. Kc2 Qa4+ 89. Kb1 Qb3+ 90. Qb2 Qd1+ 91. Ka2 Qa4+
92. Kb1 Be5 93. b7 Qd1+ 94. Ka2 Qa4+ 95. Kb1 Bxb2 96. b8=Q Be5 97. Qg8+ Kh6 98.
Bf5 Qd1+ 99. Ka2 Qc2+ 100. Ka3 Bd6# 0-1

[Event "Mondiale Semilampo 2016"]
[Site "Doha QAT"]
[Date "2016.12.28"]
[Round "15.34"]
[White "Akopian, Vladimir"]
[Black "Ghaem Maghami, Ehsan"]
[Result "1-0"]
[WhiteTitle "GM"]
[BlackTitle "GM"]
[WhiteElo "2675"]
[BlackElo "2574"]
[WhiteFideId "13300032"]
[BlackFideId "12500739"]
[EventDate "2016.12.26"]

1. e4 c6 2. d4 d5 3. e5 Bf5 4. Nf3 e6 5. Be2 Nd7 6. O-O Rc8 7. Nbd2 h6 8. Nb3
Ne7 9. a4 g5 10. a5 Bg7 11. Ne1 c5 12. Nxc5 Nxc5 13. dxc5 a6 14. Be3 Bxe5 15. c3
O-O 16. Bd4 Qc7 17. Nf3 Bg7 18. Bxg7 Kxg7 19. b4 Rcd8 20. Re1 e5 21. Qd2 Ng6 22.
Qb2 g4 23. Nd2 h5 24. Nf1 Be6 25. Bd3 Nf4 26. Bb1 f5 27. b5 axb5 28. a6 bxa6 29.
Rxa6 Bc8 30. Rb6 Qxc5 31. Rxb5 Qc7 32. c4 d4 33. Rbxe5 Ng6 34. Rb5 Qxc4 35. Rc1
Qe6 36. Ng3 Rd5 37. Nxf5+ Rfxf5 38. Bxf5 Rxb5 39. Qxd4+ Qe5 40. Qxe5+ Nxe5 41.
Bxc8 Rb2 42. h3 gxh3 43. Bxh3 Nd3 44. Rf1 Kf6 45. Bc8 Kg5 46. Ba6 Rd2 47. Bxd3
Rxd3 48. Ra1 Rd2 49. Ra5+ Kg6 50. Ra4 Kg5 51. f3 Rb2 52. Kh2 Rb5 53. Kh3 Rb1 54.
Ra5+ Kf4 55. Kh2 h4 56. Rh5 Ke3 57. Rxh4 Kf2 58. Ra4 Rb8 59. Ra2+ Ke3 60. Ra3+
Kf2 61. f4 Rh8+ 62. Rh3 Rf8 63. Rf3+ Ke2 64. f5 1-0

[Event "Mondiale Semilampo 2016"]
[Site "Doha QAT"]
[Date "2016.12.28"]
[Round "15.35"]
[White "Grandelius, Nils"]
[Black "Vallejo Pons, Francisco"]
[Result "1/2-1/2"]
[WhiteTitle "GM"]
[BlackTitle "GM"]
[WhiteElo "2643"]
[BlackElo "2711"]
[WhiteFideId "1710400"]
[BlackFideId "2205530"]
[EventDate "2016.12.26"]

1. e4 e5 2. Nf3 Nc6 3. Bb5 Nf6 4. O-O Nxe4 5. Re1 Nd6 6. Nxe5 Be7 7. Bf1 O-O 8.
Nf3 Nf5 9. d4 d5 10. Bf4 Bd6 11. Bxd6 Nxd6 12. Nc3 Ne7 13. h3 c6 14. Bd3 Bf5 15.
Qd2 Re8 16. Bxf5 Nexf5 17. Rxe8+ Qxe8 18. Re1 Qd7 19. Re2 Re8 20. Qe1 Rxe2 21.
Qxe2 Qe8 22. Qxe8+ Nxe8 23. Ne2 Nc7 24. Nf4 f6 25. c3 Kf7 26. Kf1 Nd6 27. Ke2
Ne6 28. Nxe6 Kxe6 29. Ne1 Nc4 30. Nd3 Nd6 31. Nc5+ Ke7 32. Nd3 Ke6 33. Nc5+ Ke7
34. Nd3 1/2-1/2

[Event "Mondiale Semilampo 2016"]
[Site "Doha QAT"]
[Date "2016.12.28"]
[Round "15.36"]
[White "Naiditsch, Arkadij"]
[Black "Halkias, Stelios"]
[Result "1-0"]
[WhiteTitle "GM"]
[BlackTitle "GM"]
[WhiteElo "2687"]
[BlackElo "2585"]
[WhiteFideId "4650891"]
[BlackFideId "4201809"]
[EventDate "2016.12.26"]

1. d4 Nf6 2. Nf3 e6 3. Bf4 d5 4. e3 Bd6 5. c3 O-O 6. Nbd2 b6 7. Ne5 c5 8. h4 Qc7
9. h5 Nc6 10. Nxc6 Qxc6 11. h6 g6 12. Qf3 Bxf4 13. Qxf4 Nd7 14. Nf3 f6 15. Qg3
c4 16. Be2 Bb7 17. O-O Rac8 18. Rfc1 Qc7 19. Qh3 Qd6 20. b3 b5 21. bxc4 dxc4 22.
Rab1 a6 23. Nd2 Nb6 24. e4 Rc7 25. Qe3 e5 26. Nf3 exd4 27. Nxd4 Re7 28. Bf3 Qe5
29. Nxb5 Nc8 30. Nd4 Nd6 31. Rb6 Rfe8 32. Rcb1 Bxe4 33. Nc6 Bxc6 34. Bxc6 Qxe3
35. fxe3 Rd8 36. Rb8 Nc8 37. Bb7 Ree8 38. Bxc8 Rxc8 39. R8b7 Kh8 40. R1b6 f5 41.
Rxa6 Ra8 42. Rc6 Rac8 43. Rcb6 Ra8 44. a4 g5 45. Rf6 Rf8 46. Rxf8+ Rxf8 47. a5 1-0

[Event "Mondiale Semilampo 2016"]
[Site "Doha QAT"]
[Date "2016.12.28"]
[Round "15.37"]
[White "Firouzja, Alireza"]
[Black "Vitiugov, Nikita"]
[Result "0-1"]
[WhiteTitle "IM"]
[BlackTitle "GM"]
[WhiteElo "2456"]
[BlackElo "2726"]
[WhiteFideId "12573981"]
[BlackFideId "4152956"]
[EventDate "2016.12.26"]

1. e4 c5 2. Nf3 e6 3. d4 cxd4 4. Nxd4 Nc6 5. Nc3 d6 6. Be3 Nf6 7. Qd2 Be7 8. f3
a6 9. O-O-O O-O 10. g4 Nxd4 11. Qxd4 b5 12. g5 Nd7 13. h4 Rb8 14. a3 Ne5 15. f4
Nc6 16. Qd2 b4 17. axb4 Nxb4 18. Bc4 Qc7 19. Qe2 Bd7 20. g6 fxg6 21. h5 Rfc8 22.
Bb3 g5 23. f5 Qa5 24. fxe6 Bb5 25. Qf2 Rf8 26. Qg3 h6 27. Kb1 Rbc8 28. Rxd6 Qc7
29. e5 Bc4 30. Rd7 Qc6 31. Rg1 Bxb3 32. cxb3 Qxe6 33. Qg4 Rf1+ 34. Bc1 Qxb3 0-1

[Event "Mondiale Semilampo 2016"]
[Site "Doha QAT"]
[Date "2016.12.28"]
[Round "15.38"]
[White "Adly, Ahmed"]
[Black "Mchedlishvili, Mikheil"]
[Result "1-0"]
[WhiteTitle "GM"]
[BlackTitle "GM"]
[WhiteElo "2599"]
[BlackElo "2601"]
[WhiteFideId "10601619"]
[BlackFideId "13600966"]
[EventDate "2016.12.26"]

1. d4 Nf6 2. Nf3 e6 3. g3 b6 4. Bg2 Bb7 5. O-O c5 6. c4 cxd4 7. Qxd4 d6 8. Nc3
a6 9. Rd1 Nbd7 10. b3 Be7 11. e4 Qc8 12. Qe3 O-O 13. Ba3 Nc5 14. Nd4 Qc7 15. h3
Rac8 16. Rac1 Qb8 17. g4 Qa8 18. Re1 g6 19. Bb2 Rfe8 20. Rcd1 Bf8 21. g5 Nh5 22.
Bf3 Ng7 23. h4 d5 24. cxd5 exd5 25. e5 Nce6 26. Nce2 Bb4 27. Bg4 Bxe1 28. Rxe1
Rc7 29. Nf4 Bc8 30. Bf3 Nxd4 31. Qxd4 Nf5 32. Nxd5 Nxd4 33. Nf6+ Kh8 34. Bxa8
Rd8 35. e6 Bxe6 36. Bd5 Bxd5 37. Bxd4 Be6 38. Bxb6 Rcc8 39. Bxd8 Rxd8 40. Re4
Rb8 41. Ra4 Rb6 42. Rd4 Rb8 43. Rd6 Ra8 44. Ne4 a5 45. Nc5 Bf5 46. Ra6 Rxa6 47.
Nxa6 Kg7 48. Nc5 Bc8 49. f4 h6 50. Kf2 hxg5 51. hxg5 Kf8 52. Ke3 Ke7 53. Kd4 Kd6
54. Ne4+ Ke6 55. a3 Ke7 56. Ke5 1-0

[Event "Mondiale Semilampo 2016"]
[Site "Doha QAT"]
[Date "2016.12.28"]
[Round "15.39"]
[White "Bok, Benjamin"]
[Black "Jobava, Baadur"]
[Result "1/2-1/2"]
[WhiteTitle "GM"]
[BlackTitle "GM"]
[WhiteElo "2598"]
[BlackElo "2702"]
[WhiteFideId "1017063"]
[BlackFideId "13601520"]
[EventDate "2016.12.26"]

1. e4 e5 2. Nf3 Nf6 3. Nxe5 d5 4. exd5 Qxd5 5. d4 Nc6 6. Nxc6 Qxc6 7. Qe2+ Be6
8. Qb5 Qxb5 9. Bxb5+ c6 10. Be2 O-O-O 11. c3 Bd6 12. O-O Rhe8 13. Be3 Bg4 14.
Bc4 Nd5 15. Bxd5 cxd5 16. Nd2 Kd7 17. Rfe1 f6 18. Nb3 Bf5 19. Rad1 b6 20. Nc1 h5
21. Re2 h4 22. Rde1 h3 23. Bd2 Rxe2 24. Nxe2 hxg2 25. Kxg2 g5 26. Ng3 Bd3 27.
Nh5 Rf8 28. f3 b5 29. a3 a5 30. Kg1 a4 31. Kg2 Bg6 32. Ng3 Rh8 33. Re2 Bf7 34.
Rf2 Rh4 35. Kg1 Be6 36. Ne2 Bf5 37. f4 g4 38. Ng3 Be4 39. Re2 f5 40. Re1 Rh7 41.
Re2 Kc6 42. Re1 Be7 43. Re3 Bd8 44. Re1 Bb6 45. Be3 Bd8 46. Bd2 Bf6 47. Be3 Kd6
48. Bf2 Ke6 49. Be3 Kd7 50. Bf2 Kc6 51. Be3 Rc7 52. Re2 Rc8 53. Rd2 Bh4 54. Bf2
Be7 55. Be3 Bh4 56. Nxe4 dxe4 57. d5+ Kd7 58. Bd4 Be7 59. Kg2 Bd6 60. Kg3 Re8
61. Re2 Re7 62. Rf2 Rh7 63. h4 gxh3 64. Rh2 Rh6 65. Be3 Rg6+ 66. Kxh3 Rg4 67.
Rf2 Bc7 68. Rf1 Bd6 69. Rf2 Rg1 70. Kh4 Be7+ 71. Kh5 Ke8 72. d6 Bd8 73. Rd2 Rg4
74. Rd5 Rg3 75. Bc5 Kd7 76. Rxf5 Kc6 77. Bd4 Kxd6 78. Re5 Rg2 79. Rxe4 Rxb2 80.
Kg6 Kd5 81. Re8 Bc7 82. f5 Rg2+ 83. Kh7 Bd6 84. Rd8 Kc6 85. f6 Bxa3 86. f7 Rg3
87. Rc8+ Kd5 88. Bc5 Rf3 89. Bxa3 Rxf7+ 90. Kg6 Rf3 91. Bb4 Ke4 92. Rc5 Kd3 93.
Rxb5 Kc4 94. Ra5 Kb3 95. Kg5 Rf7 96. Ra8 Rf1 97. Kg4 Rf7 98. Bd6 Kxc3 99. Rxa4
Kd3 100. Bf4 Rf8 101. Kf3 Rc8 102. Ra7 Rd8 103. Ra1 Rd5 104. Rc1 Kd4 105. Re1
Kd3 106. Be5 Kd2 107. Re2+ Kd3 108. Re3+ Kd2 109. Bc3+ Kc2 110. Ke4 Rd7 111. Bd4
Re7+ 112. Be5 Rd7 113. Rc3+ Kd2 114. Ra3 Kc2 115. Ra2+ Kb3 116. Rb2+ Kc4 117.
Rc2+ Kb3 118. Rc8 Rd2 119. Bd4 Rc2 120. Rb8+ Kc4 121. Be3 Kc3 122. Rd8 Kc4 123.
Bd2 Kb5 124. Kd3 Rc7 125. Bf4 Rf7 126. Ke4 Kc6 127. Rc8+ Kd7 128. Rc7+ Ke6 129.
Rc6+ Kd7 130. Ra6 Kc8 131. Be5 Kb7 132. Rd6 Kc8 133. Rh6 Rd7 134. Bd6 Kb7 135.
Kd5 Kb6 136. Rh1 Rb7 137. Rc1 Kb5 138. Bc7 Ka6 139. Kc6 Rb6+ 140. Kd7 Rb3 141.
Rc5 Rb4 142. Kc8 Ra4 143. Rh5 Ra2 144. Kd7 Rd2+ 145. Kc8 Ra2 146. Rc5 Ra4 147.
Kd7 Rb4 148. Kc6 Rb6+ 149. Bxb6 1/2-1/2

[Event "Mondiale Semilampo 2016"]
[Site "Doha QAT"]
[Date "2016.12.28"]
[Round "15.40"]
[White "Pantsulaia, Levan"]
[Black "Mareco, Sandro"]
[Result "1/2-1/2"]
[WhiteTitle "GM"]
[BlackTitle "GM"]
[WhiteElo "2607"]
[BlackElo "2635"]
[WhiteFideId "13602071"]
[BlackFideId "112275"]
[EventDate "2016.12.26"]

1. d4 Nf6 2. c4 e6 3. Nf3 Bb4+ 4. Bd2 a5 5. g3 d5 6. Qc2 O-O 7. Bg2 c6 8. O-O
Nbd7 9. a3 Be7 10. Bf4 b6 11. Nbd2 Nh5 12. Be3 Nhf6 13. Bf4 Nh5 14. Be3 Nhf6 15.
Bf4 1/2-1/2

[Event "Mondiale Semilampo 2016"]
[Site "Doha QAT"]
[Date "2016.12.28"]
[Round "15.41"]
[White "Lu, Shanglei"]
[Black "Pichot, Alan"]
[Result "1-0"]
[WhiteTitle "GM"]
[BlackTitle "GM"]
[WhiteElo "2627"]
[BlackElo "2544"]
[WhiteFideId "8603332"]
[BlackFideId "110973"]
[EventDate "2016.12.26"]

1. e4 c5 2. Nf3 e6 3. g3 Nc6 4. Bg2 Nf6 5. Nc3 d5 6. exd5 exd5 7. d4 Bg4 8. h3
Bxf3 9. Qxf3 Nxd4 10. Qd3 Be7 11. O-O O-O 12. Re1 Rc8 13. Bg5 Ne6 14. Bxf6 Bxf6
15. Nxd5 Bxb2 16. Rab1 c4 17. Qf5 g6 18. Qf3 c3 19. Rbd1 Kg7 20. h4 Rc4 21. h5
Qg5 22. h6+ Kg8 23. Nf6+ Kh8 24. Nd7 1-0

[Event "Mondiale Semilampo 2016"]
[Site "Doha QAT"]
[Date "2016.12.28"]
[Round "15.42"]
[White "Flores, Diego"]
[Black "Borisek, Jure"]
[Result "1/2-1/2"]
[WhiteTitle "GM"]
[BlackTitle "GM"]
[WhiteElo "2579"]
[BlackElo "2561"]
[WhiteFideId "108049"]
[BlackFideId "14603152"]
[EventDate "2016.12.26"]

1. c4 c5 2. Nc3 g6 3. g3 Bg7 4. Bg2 Nc6 5. Nf3 d6 6. O-O Nf6 7. d4 cxd4 8. Nxd4
Bd7 9. e3 O-O 10. b3 Qa5 11. Bb2 Rfc8 12. Rc1 1/2-1/2

[Event "Mondiale Semilampo 2016"]
[Site "Doha QAT"]
[Date "2016.12.28"]
[Round "15.43"]
[White "Perez Ponsa, Federico"]
[Black "Aleksandrov, Aleksej"]
[Result "1/2-1/2"]
[WhiteTitle "GM"]
[BlackTitle "GM"]
[WhiteElo "2585"]
[BlackElo "2574"]
[WhiteFideId "117927"]
[BlackFideId "13500139"]
[EventDate "2016.12.26"]

1. e4 e5 2. Nf3 Nc6 3. Bc4 Bc5 4. O-O Nf6 5. d3 d6 6. c3 O-O 7. Bb3 a6 8. h3 h6
9. Nbd2 Re8 10. Re1 Be6 11. Nf1 d5 12. exd5 Bxd5 13. Bc2 e4 14. dxe4 Bxe4 15.
Qxd8 Raxd8 16. Bxe4 Nxe4 17. Be3 Bxe3 18. Nxe3 Nc5 19. Rad1 Na4 1/2-1/2

[Event "Mondiale Semilampo 2016"]
[Site "Doha QAT"]
[Date "2016.12.28"]
[Round "15.44"]
[White "Tari, Aryan"]
[Black "Bindrich, Falko"]
[Result "1-0"]
[WhiteTitle "GM"]
[BlackTitle "GM"]
[WhiteElo "2584"]
[BlackElo "2590"]
[WhiteFideId "1510045"]
[BlackFideId "4676670"]
[EventDate "2016.12.26"]

1. e4 e5 2. Nf3 Nc6 3. Bb5 a6 4. Ba4 Nf6 5. O-O Be7 6. d3 b5 7. Bb3 d6 8. a4 Bd7
9. c3 O-O 10. Bc2 Re8 11. Nbd2 Bf8 12. Re1 h6 13. Nf1 d5 14. exd5 Nxd5 15. Ng3
b4 16. Bd2 bxc3 17. bxc3 Rb8 18. Bb3 Nf6 19. Bc4 Qc8 20. a5 Bd6 21. h3 Be6 22.
Qa4 Bxc4 23. Qxc4 Qd7 24. Qxa6 Ra8 25. Qb5 Reb8 26. Qc4 Rxa5 27. Rxa5 Nxa5 28.
Qh4 Nh7 29. Nh5 Nc6 30. Bxh6 Bf8 31. Qg3 f6 32. Nh4 Rd8 33. Bxg7 Bxg7 34. Nf5
Kh8 35. Nhxg7 Rg8 36. Ra1 Nd8 37. Ra8 c5 38. Qe3 Qb7 39. Ra4 Ne6 40. Rh4 Rxg7
41. Nxg7 Qxg7 42. Qe4 Ng5 43. Qf5 Qf8 44. Ra4 Nf7 45. Ra7 Kg8 46. Qg4+ Qg7 47.
Ra8+ Nf8 48. Qf3 Qg5 49. Ra4 f5 50. Qd5 Qe7 51. Ra6 Kg7 52. Rc6 Ng6 53. g3 f4
54. h4 fxg3 55. fxg3 c4 56. Rxc4 Qa7+ 57. Kh2 Qf2+ 58. Qg2 Qe3 59. Qe4 Qf2+ 60.
Qg2 Qe3 61. d4 e4 62. Rc7 Kg8 63. h5 Ng5 64. Qa2+ 1-0

[Event "Mondiale Semilampo 2016"]
[Site "Doha QAT"]
[Date "2016.12.28"]
[Round "15.45"]
[White "Sanal, Vahap"]
[Black "Agdestein, Simen"]
[Result "1-0"]
[WhiteTitle "GM"]
[BlackTitle "GM"]
[WhiteElo "2474"]
[BlackElo "2602"]
[WhiteFideId "6300545"]
[BlackFideId "1500015"]
[EventDate "2016.12.26"]

1. Nf3 e6 2. c4 f5 3. Nc3 Nf6 4. d3 d5 5. g3 d4 6. Nb5 Nc6 7. Bg2 a6 8. Na3 e5
9. Nc2 a5 10. O-O Bc5 11. e3 dxe3 12. Bxe3 Bxe3 13. Nxe3 O-O 14. Qb3 a4 15. Qc3
e4 16. dxe4 Nxe4 17. Qa3 Be6 18. Rad1 Qf6 19. Nd5 Qf7 20. Rfe1 h6 21. Nd2 Ne5
22. Nxe4 fxe4 23. Rxe4 Qxf2+ 24. Kh1 Bg4 25. Rf1 Qxf1+ 26. Bxf1 Rxf1+ 27. Kg2
Raf8 28. Nf4 Rf3 29. Qc5 Nd7 30. Qd5+ Kh7 31. h3 Nf6 32. Qxb7 Bc8 33. Qb4 Rxg3+
34. Kh2 Rd8 35. Qe7 Bb7 36. Qxd8 Nxe4 37. Qxc7 Ba8 38. Qc8 Rf3 39. Qf5+ Kg8 40.
Qe6+ Kh8 41. Qe8+ Kh7 42. Qg6+ Kg8 43. Qe8+ Kh7 44. Qxa8 Rxf4 45. Kg1 Ng5 46.
Qxa4 Nxh3+ 47. Kg2 Ng5 48. Qc2+ g6 49. c5 Rg4+ 50. Kf1 Rf4+ 51. Ke2 Nf3 52. Ke3
Rf7 53. c6 1-0

[Event "Mondiale Semilampo 2016"]
[Site "Doha QAT"]
[Date "2016.12.28"]
[Round "15.46"]
[White "Fressinet, Laurent"]
[Black "Maghsoodloo, Parham"]
[Result "1-0"]
[WhiteTitle "GM"]
[BlackTitle "GM"]
[WhiteElo "2672"]
[BlackElo "2584"]
[WhiteFideId "608742"]
[BlackFideId "12539929"]
[EventDate "2016.12.26"]

1. Nf3 Nf6 2. g3 b5 3. Na3 a6 4. c4 b4 5. Nc2 e6 6. Bg2 Bb7 7. O-O c5 8. a3 bxa3
9. b3 Be7 10. Bxa3 O-O 11. d4 cxd4 12. Ncxd4 Bxa3 13. Rxa3 Qe7 14. Qa1 d5 15.
Ne5 dxc4 16. bxc4 Bxg2 17. Kxg2 Rc8 18. Rb1 Qc7 19. Ndf3 Ne4 20. Ra5 Nc5 21. Qa3
f6 22. Nd3 Nbd7 23. Ra1 Rab8 24. Nb4 Rb6 25. Nxa6 Nxa6 26. Rxa6 Rxa6 27. Qxa6
Qxc4 28. Qd6 Nf8 29. Ra7 Qc5 30. Qa6 Rd8 31. e4 g5 32. h3 h5 33. Qa1 g4 34. hxg4
hxg4 35. Nh2 Qh5 36. Ra5 Qh3+ 37. Kg1 Ng6 38. Ra8 Rxa8 39. Qxa8+ Kf7 40. Qb7+
Ne7 41. Nf1 Qh5 42. Ne3 Qg6 43. Nc4 Qg5 44. Nd6+ Kf8 45. Qd7 f5 46. Qe8+ Kg7 47.
Qf7+ Kh6 48. Qxe6+ Kh5 49. Qf7+ 1-0

[Event "Mondiale Semilampo 2016"]
[Site "Doha QAT"]
[Date "2016.12.28"]
[Round "15.47"]
[White "Darini, Pouria"]
[Black "Tregubov, Pavel V."]
[Result "1-0"]
[WhiteTitle "GM"]
[BlackTitle "GM"]
[WhiteElo "2511"]
[BlackElo "2585"]
[WhiteFideId "12502200"]
[BlackFideId "4115341"]
[EventDate "2016.12.26"]

1. d4 Nf6 2. Nc3 d5 3. Bf4 c5 4. e3 cxd4 5. exd4 a6 6. Bd3 Nc6 7. Nge2 Bg4 8. f3
Bh5 9. g4 Bg6 10. h4 e6 11. h5 Bxd3 12. Qxd3 h6 13. O-O-O Bd6 14. Kb1 Bxf4 15.
Nxf4 Qd6 16. Qe3 O-O-O 17. Nd3 Nd7 18. Na4 Kb8 19. f4 f6 20. Rhe1 Rhe8 21. Nac5
Nxc5 22. Nxc5 e5 23. fxe5 fxe5 24. Qb3 Re7 25. Nxa6+ Ka7 26. dxe5 Rxe5 27. Rxe5
Nxe5 28. Nb4 d4 29. Qa4+ Kb8 30. Qb5 Nxg4 31. Rxd4 1-0

[Event "Mondiale Semilampo 2016"]
[Site "Doha QAT"]
[Date "2016.12.28"]
[Round "15.48"]
[White "Al-Sayed, Mohammed"]
[Black "Debashis, Das"]
[Result "0-1"]
[WhiteTitle "GM"]
[BlackTitle "GM"]
[WhiteElo "2508"]
[BlackElo "2472"]
[WhiteFideId "12100196"]
[BlackFideId "5024854"]
[EventDate "2016.12.26"]

1. d4 Nf6 2. c4 e6 3. Nf3 b6 4. g3 Ba6 5. b3 Bb4+ 6. Bd2 Be7 7. Nc3 d5 8. Bg2
O-O 9. cxd5 exd5 10. Ne5 Re8 11. O-O Bb7 12. Rc1 Nbd7 13. Bf4 Nf8 14. Bh3 c5 15.
Qd3 Ne6 16. Bxe6 fxe6 17. g4 Nd7 18. Rfd1 Rf8 19. Bg3 Nxe5 20. Bxe5 Qd7 21. Qg3
Rac8 22. e3 Ba6 23. e4 cxd4 24. Bxd4 Bb7 25. exd5 exd5 26. Ne2 Bd6 27. Qg2 Rce8
28. Re1 Bc5 29. Rcd1 Bb4 30. f3 Bxe1 31. Rxe1 Ba6 32. Qf2 Qe6 0-1